Beszélő 24. sz.

Elmentve itt :
Bibliográfiai részletek
Dokumentumtípus: Folyóirat
Megjelent: 1988
Sorozat:Beszélő : politikai és kulturális folyóirat
Online Access:http://misc.bibl.u-szeged.hu/16754
LEADER 00466nas a2200145 i 4500
001 misc16754
005 20191106141358.0
008 170616s1988 hu o 0|| zxx d
022 |a 0865-4093 
040 |a SZTE Miscellanea Repozitórium  |b hun 
041 |a zxx 
245 0 0 |a Beszélő 24. sz.  |h [elektronikus dokumentum] 
260 |c 1988 
490 0 |a Beszélő : politikai és kulturális folyóirat 
856 4 0 |u http://misc.bibl.u-szeged.hu/16754/1/beszelo_024.pdf  |z Dokumentum-elérés